Statistics for French Open's Men's Tennis Champs in Chronological Order

Click here to take the quiz!

General Stats

  • This quiz has been taken 48 times
  • The average score is 45 of 49

Answer Stats

Hint Year Winner % Correct
Novak Djokovic2016Novak Djokovic
100%
Stanislas Wawrinka2015Stanislas Wawrinka
100%
Rafael Nadal (9)2014Rafael Nadal (9)
100%
Rafael Nadal (8)2013Rafael Nadal (8)
100%
Rafael Nadal (7)2012Rafael Nadal (7)
98%
Rafael Nadal (6)2011Rafael Nadal (6)
98%
Rafael Nadal (5)2010Rafael Nadal (5)
98%
Rafael Nadal (3)2007Rafael Nadal (3)
98%
Rafael Nadal (4)2008Rafael Nadal (4)
98%
Roger Federer2009Roger Federer
95%
Rafael Nadal2005Rafael Nadal
95%
Rafael Nadal (2)2006Rafael Nadal (2)
95%
Bjorn Borg (5)1980Bjorn Borg (5)
95%
Bjorn Borg (6)1981Bjorn Borg (6)
95%
Bjorn Borg (4)1979Bjorn Borg (4)
95%
Bjorn Borg (3)1978Bjorn Borg (3)
95%
Bjorn Borg (2)1975Bjorn Borg (2)
95%
Bjorn Borg1974Bjorn Borg
95%
Ivan Lendl1984Ivan Lendl
93%
Gustavo Kuerten1997Gustavo Kuerten
91%
Juan Carlos Ferrero2003Juan Carlos Ferrero
91%
Gustavo Kuerten (3)2001Gustavo Kuerten (3)
91%
Gustavo Kuerten (2)2000Gustavo Kuerten (2)
91%
Andre Agassi1999Andre Agassi
91%
Carlos Moya1998Carlos Moya
91%
Jim Courier (2)1992Jim Courier (2)
91%
Ivan Lendl (3)1987Ivan Lendl (3)
91%
Jim Courier1991Jim Courier
91%
Ivan Lendl (2)1986Ivan Lendl (2)
91%
Rod Laver1969Rod Laver
89%
Michael Chang1989Michael Chang
89%
Albert Costa2002Albert Costa
89%
Mats Wilander (3)1988Mats Wilander (3)
89%
Gaston Gaudio2004Gaston Gaudio
89%
Mats Wilander (2)1985Mats Wilander (2)
89%
Yannick Noah1983Yannick Noah
86%
Jan Kodes1970Jan Kodes
86%
Jan Kodes (2)1971Jan Kodes (2)
86%
Mats Wilander1982Mats Wilander
86%
Guillermo Vilas1977Guillermo Vilas
84%
Sergi Bruguera (2)1994Sergi Bruguera (2)
84%
Yevgeny Kafelnikov1996Yevgeny Kafelnikov
84%
Thomas Muster1995Thomas Muster
84%
Ken Rosewall1968Ken Rosewall
84%
Andres Gomez1990Andres Gomez
82%
Sergi Bruguera1993Sergi Bruguera
82%
Adriano Panatta1976Adriano Panatta
80%
Ilie Nastase1973Ilie Nastase
80%
Andres Gimeno1972Andres Gimeno
80%

Score Distribution

Percentile by Number Answered

Percent of People with Each Score

Your Score History

You have not taken this quiz